Az Irodalmi Újság hőskorából
Elmentve itt :
| Szerző: | |
|---|---|
| Adatforrás: | Meister |
| Forrásdokumentuma: | Látó. - 12 sz., 1994, 16-18 p. |
| Nyelv: | magyar |
| Kulcsszavak: | sajtótörténet oral-history sajtó FERDINÁNDY György FALUDY György MÉRAY Tibor Irodalmi Újság |
| LEADER | 00513nab a2200193 i 4500 | ||
|---|---|---|---|
| 001 | bibPRO00010205 | ||
| 008 | 060524s1994 xx hun | ||
| 040 | |a Sz1 | ||
| 041 | |a hun | ||
| 100 | 1 | |a FERNÁNDY György | |
| 245 | 1 | 3 | |a Az Irodalmi Újság hőskorából |c FERNÁNDY György |
| 695 | |a sajtótörténet | ||
| 695 | |a oral-history | ||
| 695 | |a sajtó | ||
| 695 | |a FERDINÁNDY György | ||
| 695 | |a FALUDY György | ||
| 695 | |a MÉRAY Tibor | ||
| 695 | |a Irodalmi Újság | ||
| 773 | 0 | |t Látó. - |g 12 sz., 1994, 16-18 p. | |